| Поле | Инд. | ПП | Название | Значение |
|---|---|---|---|---|
| Тип записи | a | |||
| Библиографический уровень | m | |||
| 001 | Контрольный номер | 5a97664e25ee4899a5981157222ca691 | ||
| 005 | Дата корректировки | 20170803095736.5 | ||
| 024 | 80 | a | Стандартный номер | 10.02.04 |
| 040 | a | Служба первич. каталог. | НБ ТвГУ | |
| b | Код языка каталог. | rus | ||
| e | Правила каталог. | PSBO | ||
| 041 | 0_ | a | Код языка текста | rus |
| 080 | a | Индекс УДК | 811.111(73)'38(043.3) | |
| 080 | a | Индекс УДК | 821.111(73).09-312.4(043.3) | |
| 080 | a | Индекс УДК | 929Митра | |
| 084 | a | Индекс другой классификации/Индекс ББК | Ш143.21-55я031 | |
| 084 | a | Индекс другой классификации/Индекс ББК | Ш33(7США)6-8Митра,444я031 | |
| 090 | a | Полочн. индекс | Ш143.21 | |
| x | Авторский знак | Б 83 | ||
| 097 | b | Оператор | mimoza | |
| 100 | 1_ | a | Автор | Борунов Артем Борисович |
| q | Полное имя | Борунов А. Б. | ||
| 245 | 10 | a | Заглавие | Лингвостилистические и композиционные особенности художественной прозы американского писателя Р. Н. Митры |
| b | Продолж. заглавия | автореферат диссертации ... кандидата филологических наук : 10.02.04 - Германские языки | ||
| c | Ответственность | науч. рук. В. Т. Малыгин ; оппоненты: Ф. И. Карташкова, А. А. Богатырев | ||
| 260 | c | Дата издания | 2015 | |
| a | Место издания | Тверь | ||
| b | Издательство | б. и. | ||
| 300 | a | Объем | 24 с. | |
| 500 | a | Примечание | На правах рукописи | |
| 504 | a | Библиография | Библиогр. в конце кн. | |
| 653 | 0_ | a | Ключевые слова | Германские языки |
| a | Ключевые слова | Английский язык | ||
| a | Ключевые слова | Стилистика художественного текста | ||
| a | Ключевые слова | Лингвостилистика | ||
| a | Ключевые слова | Анализ текста | ||
| a | Ключевые слова | Анализ художественного текста | ||
| a | Ключевые слова | Художественный текст | ||
| a | Ключевые слова | Композиция текста | ||
| a | Ключевые слова | Литературоведение | ||
| a | Ключевые слова | Литература США | ||
| a | Ключевые слова | Американская литература | ||
| a | Ключевые слова | Митра Рэгу Н. | ||
| a | Ключевые слова | Авторефераты | ||
| a | Ключевые слова | Кандидатские диссертации | ||
| 700 | 12 | a | Другие авторы | Малыгин Виктор Трофимович |
| e | Роль лиц | науч. рук. | ||
| 700 | 12 | a | Другие авторы | Карташкова Фаина Иосифовна |
| e | Роль лиц | оппонент | ||
| 700 | 12 | a | Другие авторы | Богатырев Андрей Анатольевич |
| e | Роль лиц | оппонент | ||
| 710 | 12 | a | Организация/ юрисдикция | Владимирский государственный университет им. А. Г. и Н. Г. Столетовых |
| e | Роль коллектива | место выполнения работы | ||
| 710 | 12 | a | Организация/ юрисдикция | Вятский государственный университет |
| e | Роль коллектива | ведущая организация | ||
| 710 | 12 | a | Организация/ юрисдикция | Тверской государственный университет |
| e | Роль коллектива | место защиты | ||
| 901 | t | Тип документа | d | |
| 920 | a | Оператор | Семен | |
| a | Оператор | Рунт | ||
| a | Оператор | Стро | ||
| 930 | a | Новая/Ретро | новая | |
| 952 | c | Вид литературы | А/Р н | |
| 954 | b | Дата поступления в ОК | 20170616 | |
| a | Дата поступления на обработку | 20170731 | ||
| c | Дата окончания ОНО | 20170803 |